|
|
|
|
| LEADER |
01674nam a2200337 a 4500 |
| 001 |
32377 |
| 008 |
111204s2010 ne abf b 001 0 eng |
| 999 |
|
|
|c 38629
|d 38629
|
| 020 |
|
|
|a 9789004186170 (hc : alk. paper)
|
| 035 |
|
|
|a (OCoLC)ocn611965638
|
| 040 |
|
|
|a DLC
|c BD-DhAAL
|
| 050 |
0 |
0 |
|a NA6010.72.S25
|b M45 2010
|
| 082 |
0 |
0 |
|a 726.1450934
|2 22
|
| 100 |
1 |
|
|a Meister, Michael W.
|9 23918
|
| 245 |
1 |
0 |
|a Temples of the Indus :
|b studies in the Hindu architecture of ancient Pakistan /
|c by Michael W. Meister.
|
| 246 |
3 |
0 |
|a Studies in the Hindu architecture of ancient Pakistan
|
| 260 |
|
|
|a Leiden ;
|a Boston :
|b Brill,
|c 2010.
|
| 300 |
|
|
|a xv, 85 p., [86] p. of plates :
|b ill., maps ;
|c 25 cm.
|
| 490 |
1 |
|
|a Brill's Indological library ;
|v v. 35
|
| 504 |
|
|
|a Includes bibliographical references and index.
|
| 505 |
0 |
|
|a Salt range and Indus temples -- Sites, history, and comparative chronology -- Archaeology at Kāfirkoṭ and problems of platform extensions -- Original variations in tenth-century architecture -- Archaeology and ethnography.
|
| 526 |
|
|
|a AAL
|
| 541 |
|
|
|a Trim Education
|e 32377
|
| 650 |
|
0 |
|a Hindu architecture
|z Pakistan
|z Salt Range Region.
|9 23919
|
| 650 |
|
0 |
|a Hindu architecture
|z Indus River Valley.
|9 23920
|
| 650 |
|
0 |
|a Hindu temples
|z Pakistan
|z Salt Range Region.
|9 23921
|
| 650 |
|
0 |
|a Hindu temples
|z Indus River Valley.
|9 23922
|
| 650 |
|
0 |
|a Architecture.
|9 42662
|
| 830 |
|
0 |
|a Brill's Indological library ;
|v v. 35.
|9 23923
|
| 942 |
|
|
|2 ddc
|c BK
|
| 952 |
|
|
|0 0
|1 0
|2 ddc
|4 0
|6 726_145093400000000_MEI
|7 0
|9 61976
|a BRACUL
|b BRACUL
|c GEN
|d 2017-11-27
|e Trim Education
|g 10899.00
|l 3
|m 30
|o 726.1450934 MEI
|p 3010032377
|r 2025-03-16
|s 2025-03-09
|t 1
|v 10899.00
|w 2017-11-27
|y BK
|